QUEST Central Library Banner

Computer software for data communications : (Record no. 14972)

MARC details
000 -LEADER
fixed length control field 00413nam a2200133 a 4500
020 ## - INTERNATIONAL STANDARD BOOK NUMBER
ISBN 0534979793 (hardcover)
020 ## - INTERNATIONAL STANDARD BOOK NUMBER
ISBN 9780534979799 (hardcover)
100 1# - MAIN ENTRY--AUTHOR NAME
Personal name Skees, William D.
245 10 - TITLE STATEMENT
Title Computer software for data communications :
260 ## - PUBLICATION, DISTRIBUTION, ETC. (IMPRINT)
Place of publication California
Name of publisher Lifetime Learning Pub,
Year of publication 1981.
300 ## - PHYSICAL DESCRIPTION
Number of Pages 163 p.
856 40 - ELECTRONIC LOCATION AND ACCESS
Uniform Resource Identifier http://www.amazon.com/exec/obidos/ASIN/0534979793/chopaconline-20
942 ## - ADDED ENTRY ELEMENTS (KOHA)
Koha item type Books
Holdings
Withdrawn status Lost status Home library Current library Date acquired Full call number Accession Number Koha item type
    Central Library, QUEST, Nawabshah Central Library, QUEST Campus, Larkano 08/12/2015 001.642SKE 13846 Books
    Central Library, QUEST, Nawabshah Central Library, QUEST, Nawabshah 08/12/2015 001.642SKE 13845 Books

Copyright © 2018,The QUEST, Nawabshah, Shaheed Benazirabad. All rights reserved
Mr. G. Farooq Channar (Librarian) QUEST, Nawabshah, Sindh, Pakistan 67480.
 Ph#: |   0244-9370381-4 Ext. 2308   Email| lib@quest.edu.pk   Web|  http://www.quest.edu.pk